000 00452nam a22001337a 4500
999 _c130457
_d130457
008 200319b ||||| |||| 00| 0 eng d
050 _aBX4477.5.M395
100 _aMascotti, Albarica
_949774
245 _adevotion to Maria Bambina
_bhistorical background and theological reflections
_cAlbaria Mascotti et al...
260 _aMilan
_c1984
300 _a216p. ;
_c21cm.
650 _aSisters of charity (Milan)
_xHistory
_949775
942 _2lcc
_cMONOGRAPH